Culture générale - Géographie - Série 5 - Statistiques

Statistiques générales
  • Ce quiz a été pris 517 fois
  • Le résultat moyen est 5 sur 10
Statistiques - réponses
Question Réponse % Correct
Quel célèbre fleuve britannique traverse Londres ? la Tamise
94%
Dans quel pays peut-on entendre « Shalom » en guise de salutation ? Israël
87%
Quel pays est connu pour être le lieu de naissance de la feta ? La Grèce
78%
Quel est le 3ème pays le plus peuplé au monde ? Les États-Unis
74%
Quelle île peut-on reconnaître sur la vue satellite (voir image) L’Islande
49%
Quelle région himalayenne est à l’origine de tensions entre l’Inde, la Chine et le Pakistan ? Le Cachemire
36%
Quel est l’unique pays africain ayant pour langue officielle l’espagnol ? La Guinée Équatoriale
25%
Quel nom portait l’union regroupant autrefois le Venezuela, la Colombie, l’Equateur et le Panama après l’indépendance ? La grande Colombie
8%
Quelle chaîne de montagne se dresse dans l’est de l’Australie ? La cordillère australienne
5%
Quelle est la monnaie utilisée en Bulgarie ? Le lev bulgare
5%
Aucun quiz correspondant
Distribution des résultats
% des personnes avec chaque résultat
Percentile par nombre de réponses
Votre historique - résultats
Vous n’avez pas pris ce quiz